Duarte. Padre de la Patria Dominicana, Un Hombre de Fe y de Acción (Record no. 7634)

MARC details
000 -LEADER
campo de control de longitud fija 00369nam a2200133Ia 4500
001 - NÚMERO DE CONTROL
campo de control 4327
008 - DATOS DE LONGITUD FIJA--INFORMACIÓN GENERAL
campo de control de longitud fija 241024s9999 xx 000 0 und d
082 ## - NÚMERO DE LA CLASIFICACIÓN DECIMAL DEWEY
Número de clasificación RD/923.97293/C117d
100 ## - ENTRADA PRINCIPAL--NOMBRE DE PERSONA
Nombre de persona Euri Cabral
245 #0 - MENCIÓN DEL TÍTULO
Título Duarte. Padre de la Patria Dominicana, Un Hombre de Fe y de Acción
260 ## - PUBLICACIÓN, DISTRIBUCIÓN, ETC.
Nombre del editor, distribuidor, etc. Editorial Ianna
Fecha de publicación, distribución, etc. 2013
901 ## - ELEMENTOS DE DATOS A LOCAL LDA (RLIN)
a 31/8/2016 12:01:10 p.m.

No items available.

© 2024. Todos los Derechos Reservados. Desarrollado por IDEICE